00000000cam 2200000zi 4500
0019.957873
003CaOODSP
00520260601150206
006m     o  d f      
007cr cn ||||||||
008251202t20252019onc     ob   f000 0 eng d
020 |a9780660975252
040 |aCaOODSP|beng|erda|cCaOODSP
043 |an-cn-nk
0861 |aNR24-139/2025E-PDF
1001 |aNewsham, Guy R., |eauthor.
24510|aReview of residential time-varying rate pilot projects and programs : |beffects in winter / |cGuy R. Newsham.
264 1|aOttawa : |bNational Research Council Canada = Conseil national de recherches Canada, |c[2025]
264 4|c©2019
300 |a1 online resource (ii, 19 pages)
336 |atext|btxt|2rdacontent
337 |acomputer|bc|2rdamedia
338 |aonline resource|bcr|2rdacarrier
504 |aIncludes bibliographical references.
520 |a"Natural Resources Canada (NRCan) is now funding NB Power and Nova Scotia Power to conduct demonstration projects to explore the potential of tariffs, controls, and distributed energy resources (DERs) to support smart grid development, and building codes to underpin the smart grid of the future. NB Power’s part of this project will take place in the township of Shediac, and NB Power will partner with NRC on the experimental design, data collection and analysis aspects of this project"--Executive Summary, page ii.
650 0|aElectric utilities|xRates|zNew Brunswick|zShediac.
650 6|aServices publics d'électricité|xTarifs|zNouveau-Brunswick|zShediac.
7102 |aNational Research Council Canada, |eissuing body.
85640|qPDF|s1.99 MB|uhttps://publications.gc.ca/collections/collection_2026/cnrc-nrc/NR24-139-2025-eng.pdf
8564 |qHTML|sN/A|uhttps://doi.org/10.4224/40003997